| 000 | 00537nam a2200205Ia 4500 | ||
|---|---|---|---|
| 005 | 20260429112204.0 | ||
| 008 | 260429s9999||||xx |||||||||||||| ||und|| | ||
| 020 | _a9789390063314 | ||
| 041 | _aEnglish | ||
| 082 |
_a294.3 _bCOO |
||
| 100 | _aCoomaraswamy, Ananda | ||
| 245 | 0 |
_aBuddha and the gospel Buddhism / _cAnanda Coomaraswamy |
|
| 250 | _a1st ed. | ||
| 260 |
_aChennai : _bMaven Books, _c2022. |
||
| 300 | _aviii, 370 p.; hb | ||
| 650 | _a Buddha | ||
| 650 | _a Religious philosophy | ||
| 650 | _aBuddhism | ||
| 942 | _cTB | ||
| 999 |
_c52805 _d52805 |
||